00929cam a22002657a 4500001001000000003000500010005001700015008004100032010001000073011001000083020001500093035001000108040000900118100002600127245012500153260014900278410001900427490003700446650002900483650002800512700003300540700003400573810001900607830003700626000077817CHAP20241112062702.0980318d1997 mx r 00010 spa d a75052 a76024 a9688844357 a85601 cCHAP00aGómez Tovar, Laura.10aHortalizas orgánicas de México /c/por Laura Gómez Tovar, Manuel Angel Gómez Cruz y Rita Schwentesius Ridermann. aChapingo, Méx. :bUACH. Centro de Investigaciones Económicas, Sociales y Tecnológicas de la Agroindustria y la Agricultura Mundial,c1997.21aUACH. CIESTAAM1 aReporte de investigaciónv; 3614aHorticultura orgánica.14aHorticulturaxMéxico.1 aGómez Cruz, Manuel Ángel1 aSchwentesius Rindermann, Rita01aUACh. CIESTAAM0 aReporte de investigaciónv; 36